Dona jove i política / Laia Herrera i Pujol, Paula Terribas i Junquera
ISBN:
84-9803-046-3
Descripción Física:
130 p. : taules, gràf. ; 21 cm
Colección:
Material de joventut; 18
Otros Autores:
Terribas i Junquera, Paula
MARC
| LEADER | 00000nam a2200000Ia 4500 | ||
|---|---|---|---|
| 001 | 16925 | ||
| 008 | 160829s2005 xx 000 0 cat d | ||
| 020 | |a 84-9803-046-3 | ||
| 080 | |a M-5-151 | ||
| 100 | |a Herrera i Pujol, Laia |9 32706 | ||
| 245 | |a Dona jove i política / Laia Herrera i Pujol, Paula Terribas i Junquera | ||
| 260 | |a [Barcelona] : |b Institut d'Edicions de la Diputació de Barcelona, |c 2005 | ||
| 300 | |a 130 p. : |b taules, gràf. ; |c 21 cm | ||
| 490 | |a Material de joventut; 18 | ||
| 590 | |a A la portada : Diputació de Barcelona. Àrea d'Igualtat i Ciutadania. | ||
| 590 | |a Annex | ||
| 650 | |a Feminisme |9 32720 | ||
| 650 | |a Drets de les dones |9 32708 | ||
| 700 | |a Terribas i Junquera, Paula |9 32709 | ||
| 710 | |a Barcelona (Catalunya : Província). |b Institut d'Edicions |9 53854 | ||
| 901 | |a Arxiu | ||
| 942 | |n 1 | ||
| 952 | |0 0 |1 0 |4 0 |6 M5151 |7 1 |9 46076 |a Arxiu |b Arxiu |d 2016-12-01 |l 0 |o M-5-151 |p 16925 |r 2016-12-01 00:00:00 |w 2016-12-01 |y ARXIU | ||
| 999 | |c 49578 |d 49578 | ||